000 00592nam a22002297a 4500
003 UA-OsUOA
001 92032
007 ta
008 20121210b un ||||| |||| 00| 0 ukr d
100 _aШиян А.
090 _a821.161.2
_bШ65
942 _cBK
040 _aUA-OsUOA
_bukr
_cUA-OsUOA
_dUA-OsUOA
245 _aМетель
_bроман
300 _a526 с.
955 _a3
041 _aukr
080 _a821.161.2
260 _aМ.
_bСоветский писатель
_c1985
650 7 _a82 Література. Літературознавство
_2UDC
999 _c378286
_d378286